Ripper - Personnages - Statistiques

Statistiques générales
  • Ce quiz a été pris 16 fois
    6 depuis la dernière actualisation
  • Le résultat moyen est 41 sur 50
Statistiques - réponses
Par images Réponse % Correct
Algol
100%
Arya
100%
Billie
100%
Borthos
100%
Crappy
100%
Enki
100%
Gaban
100%
Goliath
100%
Junk
100%
Kamal B
100%
Klaus
100%
Lance
100%
Le Patriarche
100%
Le Pi
100%
Marek
100%
Nessa
100%
Oak
100%
Percy
100%
Remiel
100%
Remiel
100%
Uriel
100%
Zao
100%
Alder
75%
Antares
75%
Balh
75%
Black Sphinx
75%
Chocolat
75%
Edda
75%
Forêt Noire
75%
Hector
75%
Helena
75%
Iadonis
75%
Ivanova
75%
Kastor
75%
Kham
75%
Kovu
75%
Mara
75%
Michael
75%
Pollux
75%
Purple Mist
75%
Resha
75%
Sefoni
75%
Thézé
75%
Vanille
75%
Doma
50%
Epsilon
50%
Profiterole
50%
Unn & Petit Gris
50%
Akhil
25%
Olyss
25%
Aucun quiz correspondant
Distribution des résultats
% des personnes avec chaque résultat
Percentile par nombre de réponses
Votre historique - résultats
Vous n’avez pas pris ce quiz depuis la dernière actualisation